000 00768cab a2200241 4500
001 ABS57676
008 090401t1997 xxu||||| |||| 00| 0 eng d
035 _a(Sirsi) u80951
041 _aeng
100 _aBennett, C.
245 _aHedgerows, are they here to stay?
260 _c1997
350 _a0
490 _aJournal of Planning and Environment Law
_vSeptember 1997, 815-818(4)
520 _aDiscusses the regulations introduced under the Environment Act 1995, to protect important hedgerows (SI 1997: 1160). Flow chart to ascertain whether regulations apply.
650 _aADAS
650 _aENVIRONMENT ACT 1995
650 _aHEDGEROW REGULATIONS 1997
650 _aHEDGEROWS
690 _aRURAL PRACTICE
942 _n0
948 _c18/09/1997
999 _c50993
_d50993